A history of European literature : (Record no. 10282)
[ view plain ]
| 000 -LEADER | |
|---|---|
| fixed length control field | 00608cam a2200205ua 4500 |
| 001 - CONTROL NUMBER | |
| control field | 11460 |
| 005 - DATE AND TIME OF LATEST TRANSACTION | |
| control field | 20260515114744.0 |
| 008 - FIXED-LENGTH DATA ELEMENTS--GENERAL INFORMATION | |
| fixed length control field | 190923n ii |||gr||||Z||||||eng |
| 020 ## - INTERNATIONAL STANDARD BOOK NUMBER | |
| International Standard Book Number | 9780198835769 |
| 040 ## - CATALOGING SOURCE | |
| Transcribing agency | MAIN |
| 082 ## - DEWEY DECIMAL CLASSIFICATION NUMBER | |
| Classification number | 809.894 |
| 100 ## - MAIN ENTRY--PERSONAL NAME | |
| Personal name | Walter Cohen . , |
| Relator term | Author. |
| 245 ## - TITLE STATEMENT | |
| Title | A history of European literature : |
| Remainder of title | the west and the world from antiquity to the present / |
| Statement of responsibility, etc. | By Walter Cohen . |
| 250 ## - EDITION STATEMENT | |
| Edition statement | 1st ed. |
| 260 ## - PUBLICATION, DISTRIBUTION, ETC. | |
| Place of publication, distribution, etc. | New delhi: |
| Name of publisher, distributor, etc. | Oxford University pess, |
| Date of publication, distribution, etc. | 2017. |
| 300 ## - PHYSICAL DESCRIPTION | |
| Extent | 612p. |
| 653 ## - INDEX TERM--UNCONTROLLED | |
| Uncontrolled term | History, description & criticism |
| 653 ## - INDEX TERM--UNCONTROLLED | |
| Uncontrolled term | European literature |
| 942 ## - ADDED ENTRY ELEMENTS (KOHA) | |
| Koha item type | Books |
| Withdrawn status | Lost status | Damaged status | Not for loan | Home library | Current library | Shelving location | Date acquired | Total checkouts | Full call number | Barcode | Date last seen | Copy number | Price effective from | Koha item type |
|---|---|---|---|---|---|---|---|---|---|---|---|---|---|---|
| Naharkatiya College Library | Naharkatiya College Library | General stacks | 09/19/2020 | 809.894English literature | COH | 27658 | 09/19/2020 | 1 | 09/19/2020 | Books | |||||
| Naharkatiya College Library | Naharkatiya College Library | General stacks | 09/19/2020 | 809.894English literature | COH | 27659 | 09/19/2020 | 2 | 09/19/2020 | Books | |||||
| Naharkatiya College Library | Naharkatiya College Library | General stacks | 09/19/2020 | 809.894English literature | COH | 27660 | 09/19/2020 | 3 | 09/19/2020 | Books |